000 00336nam a22000977a 4500
008 150624b xxu||||| |||| 00| 0 eng d
010 _8HCCRSARF:008
245 _aHIGH COURT CRIMINAL SESSION NO.450 OF 1970 Uganda Vs 1. Mugisha s/o Babinyaga 2. Tibikirira s/o Kateba
260 _aHigh Court Kampala
500 _3BEFORE: Hon. Mr. Justice Youds
999 _c6694
_d6694